000 00639nam a22002297a 4500
001 48628
003 UA-OsUOA
005 20220101230512.0
007 ta
008 20070911b un ||||| |||| 00| 0 ukr d
020 _a966-8465-06-7
040 _aUA-OsUOA
_bukr
_cUA-OsUOA
_dUA-OsUOA
041 _aukr
080 _a821.161.2
090 _a821.161.2
_bН44
245 _aНезглибима "Криниця"
_bантологія
260 _aБроварі
_bУкраїнська ідея
_c2005
300 _a478 с.
650 7 _a82 Література. Літературознавство
_2UDC
942 _cBK
_2udc
955 _a3
999 _c334731
_d334731